00597nam a2200193Ia 4500008004100000020001800041082001200059100001800071245002000089250000800109260004500117300002300162500001900185600002000204650002000224942000700244952013500251999001700386240925s9999 xx 000 0 und d a9788120351028 a331 CAH aCahuc, Pierre 0aLabor Economics a2nd aNew Delhi:bPHI learning Pvt Ltdc,2014. a686p.b0fOriginal aIncludes Index aSocial Sciences aSocial Sciences cBK 001040708SSaUITUbUITUd2019-01-12eBook World Internationalg1471.11l0o331 CAHpQ13437r2024-09-25 07:16:51w2024-09-25yBK c15936d15936